000 00702nam a22002177a 4500
003 BD-DhJNU
005 20250302032026.0
008 250302b |||||||| |||| 00| 0 eng d
020 _a9781412919920
040 _aBD-DhJNU
_bENG
_cBD-DhJNU
_dBD-DhJNU
082 _223
_a307.2
245 _aThe SAGE handbook of social research methods /
_cEdited by Pertti Alasuutari, Leonard Bickman, Julia Brannen
260 _aBangalore :
_bSAGE Publications,
_c2008.
300 _axvi, 631 p. :
_bill. ;
_c26 cm.
504 _aincludes index
650 _aSocial Science
700 _a Alasuutari, Pertti
_eEditor
700 _aBickman, Leonard
_eEditor
700 _aBrannen, Julia
_eEditor
942 _2ddc
_cBK
_n0
999 _c1415
_d1415